Public expenditure and economic development in India: 1947- 48 to 1979- 80:a regional study of the finances of Bihar in the context of a federal structure (Record no. 43699)

MARC details
000 -LEADER
fixed length control field 00491nam a2200145Ia 4500
008 - FIXED-LENGTH DATA ELEMENTS--GENERAL INFORMATION
fixed length control field 230917s9999||||xx |||||||||||||| ||und||
040 ## - CATALOGING SOURCE
-- 64427
Original cataloging agency VIVEKANANDA LIBRARY
041 ## - Language
-- English
082 ## - DDC NUMBER
Classification number 330.954 S64P
100 ## - MAIN ENTRY--PERSONAL NAME
Personal name Singh, Baidyanath Prasad
245 #0 - TITLE STATEMENT
Title Public expenditure and economic development in India: 1947- 48 to 1979- 80:a regional study of the finances of Bihar in the context of a federal structure
260 ## - PUBLICATION, DISTRIBUTION, ETC. (IMPRINT)
Place of publication, distribution, etc Delhi
Name of publisher, distributor, etc Capital Publishing
Date of publication, distribution, etc 1983
300 ## - PHYSICAL DESCRIPTION
Pages 300 p.
942 ## - ADDED ENTRY ELEMENTS (KOHA)
Koha item type Books
Holdings
Withdrawn status Lost status Damaged status Not for loan Location (home branch) Sublocation or collection (holding branch) Date acquired Koha issues (times borrowed) Koha full call number Accession No. Koha date last seen Koha item type
        VIVEKANANDA LIBRARY VIVEKANANDA LIBRARY 10/01/2003   330.954 S64P 110243 17/09/2023 Books
© Designed and Maintained by Vivekananda Library, MDU Rohtak